46-鹿児島県の市町村クイズ(1999年) - Statistics

General Stats
  • This quiz has been taken 92 times
  • The average score is 64 of 96
Answers on the Map
Answers color-coded by a green-red scale on the quiz's map according to % correct below.
 
Answer Stats
Answer % Correct
鹿児島かごしま
92%
出水いずみ
89%
川内せんだい
89%
阿久根あくね
86%
串木野くしきの
86%
桜島さくらじまちょう
86%
西之表にしのおもて
86%
南種子みなみたねちょう
86%
上甑かみこしきむら
84%
喜界きかいちょう
84%
志布志しぶしちょう
84%
垂水たるみず
84%
十島としまむら
84%
長島ながしまちょう
84%
中種子なかたねちょう
84%
三島みしまむら
84%
屋久やくちょう
84%
伊仙いせんちょう
81%
鹿屋かのや
81%
瀬戸内せとうちちょう
81%
徳之島とくのしまちょう
81%
与論よろんちょう
81%
市来いちきちょう
78%
指宿いぶすき
78%
上屋久かみやくちょう
78%
下甑しもこしきそん
78%
龍郷たつごうちょう
78%
枕崎まくらざき
78%
和泊わどまりちょう
78%
大口おおくち
76%
知名ちなちょう
76%
東串良ひがしくしらちょう
76%
大和やまとそん
76%
天城あまぎちょう
73%
宇検うけんそん
73%
開聞かいもんちょう
73%
喜入きいれちょう
73%
財部たからべちょう
73%
名瀬なぜ
73%
東市来ひがしいちきちょう
73%
姶良あいらちょう
70%
大崎おおさきちょう
70%
加世田かせだ
70%
串良くしらちょう
70%
国分こくぶ
70%
知覧ちらんちょう
70%
伊集院いじゅういんちょう
68%
加治木かじきちょう
68%
頴娃えいちょう
65%
笠沙かささちょう
65%
笠利かさりちょう
65%
輝北きほくちょう
65%
霧島きりしまちょう
65%
住用すみようそん
65%
隼人はやとちょう
65%
吉松よしまつちょう
65%
菱刈ひしかりちょう
62%
あずまちょう
59%
内之浦うちのうらちょう
59%
川辺かわなべちょう
59%
栗野くりのちょう
59%
佐多さたちょう
59%
薩摩さつまちょう
59%
さとむら
59%
末吉すえよしちょう
59%
大根占おおねじめちょう
57%
鹿島かしまむら
57%
蒲生かもうちょう
57%
祁答院けどういんちょう
57%
高尾野たかおのちょう
57%
坊津ぼうのつちょう
57%
金峰きんぽうちょう
54%
日吉ひよしちょう
54%
樋脇ひわきちょう
54%
吹上ふきあげちょう
54%
宮之城みやのじょうちょう
54%
山川やまがわちょう
54%
入来いりきちょう
51%
鶴田つるだちょう
51%
野田のだちょう
51%
溝辺みぞべちょう
51%
吾平あいらちょう
49%
郡山こおりやまちょう
49%
根占ねじめちょう
49%
大浦おおうらちょう
46%
高山こうやまちょう
46%
牧園まきぞのちょう
46%
有明ありあけちょう
43%
福山ふくやまちょう
43%
横川よこがわちょう
43%
大隅おおすみちょう
41%
東郷とうごうちょう
41%
松元まつもとちょう
38%
松山まつやまちょう
38%
吉田よしだちょう
38%
田代たしろちょう
35%
No matching quizzes found
Score Distribution
Percent of People with Each Score
Percentile by Number Answered
Your Score History
You have not taken this quiz